Program for preliminary competition for fellowship in landscape architecture at the American Academy in Rome.
Saved in:
| Corporate Author: | |
|---|---|
| Format: | Book |
| Language: | English |
| Published: |
[Rome?] :
The Academy?, 1927.
|
| Subjects: | |
| Tags: |
Add Tag
No Tags, Be the first to tag this record!
|
| LEADER | 00546nam a22001697u 4500 | ||
|---|---|---|---|
| 001 | 000000454-5 | ||
| 005 | 20080512171450.0 | ||
| 008 | 830127|1927 ||||||| |||| |0||||eng|d | ||
| 035 | 0 | |a ocn232006397 | |
| 245 | 0 | 0 | |a Program for preliminary competition for fellowship in landscape architecture at the American Academy in Rome. |
| 260 | 0 | |a [Rome?] : |b The Academy?, 1927. | |
| 300 | |a 2 p. ; |c 28 cm. | ||
| 500 | |a Typescript. | ||
| 650 | 0 | |a Landscape architecture |x Competitions |z Italy |z Rome. | |
| 710 | 2 | |a American Academy in Rome. | |
| 988 | |a 20020608 | ||
| 906 | |0 MH | ||


